Pays producteurs de café - Statistiques

Statistiques générales
  • Ce quiz a été pris 107 fois
  • Le résultat moyen est 6 sur 10
Statistiques - réponses
Nombre de sacs de café produits Pays % Correct
43 200 000 Brésil
96%
13 500 000 Colombie
93%
3 900 000 Mexique
79%
5 800 000 Inde
78%
6 400 000 Ethiopie
65%
11 000 000 Indonésie
65%
27 500 000 Viêt Nam
48%
3 400 000 Guatemala
45%
5 800 000 Honduras
40%
4 800 000 Ouganda
17%
Aucun quiz correspondant
Distribution des résultats
% des personnes avec chaque résultat
Percentile par nombre de réponses
Votre historique - résultats
Vous n’avez pas pris ce quiz